000 00497nam a2200169 a 4500
005 20140310183321.0
008 060306s19uu xx 00 eng d
020 _a0425162788
050 _aPS 3553
_b.C587 1997
100 _aClancy, Tom
245 _aTom Clancy's power plays :
_bpolitika /
_ccreated by Tom Clancy and Martin Greenberg.
260 _aNew York :
_bThe Berkley Publishing Group,
_c1997.
300 _a373 p. :
_c18 cm.
650 _aFiction
942 _cBK
_2lcc
999 _c21390
_d21390